Footballeurs par lettre R - Statistiques

Statistiques générales
  • Ce quiz a été pris 134 fois
    98 depuis la dernière actualisation
  • Le résultat moyen est 16 sur 22
Statistiques - réponses
Par images Réponse % Correct
Ribery
100%
Ramos
98%
Rashford
97%
Rodri
97%
Rabiot
96%
Rodrygo
94%
Ronaldinho
94%
Robben
93%
Cristiano Ronaldo
92%
Rooney
92%
Raphinha
91%
Reus
91%
Rivaldo
90%
Ronaldo Nazario
78%
Rami
73%
Riquelme
61%
Reina
57%
Rojo
46%
Rebic
43%
Ramsey
30%
Radu
13%
Redmond
11%
Aucun quiz correspondant
Distribution des résultats
% des personnes avec chaque résultat
Percentile par nombre de réponses
Votre historique - résultats
Vous n’avez pas pris ce quiz depuis la dernière actualisation